| 000 | 01066nam a22002537a 4500 | ||
|---|---|---|---|
| 999 |
_c44868 _d44868 |
||
| 001 | 18432 | ||
| 003 | CO-MdFUSB | ||
| 005 | 20180622073155.0 | ||
| 008 | 180509t2012 sp ||||| |||| 00| 0 spa d | ||
| 020 | _a978-84-249-3664-8 | ||
| 040 |
_aCO-MdFUSB _bspa _cCO-MdFUSB _dCO-MdFUSBC _erda |
||
| 041 | 0 | _aspa | |
| 082 | 0 | 4 | _aG 230 F725s |
| 100 | 1 |
_aForment, Eudaldo _eautor |
|
| 245 | 1 | 0 |
_aSanto Tomás _b: estudio introductorio de Eudaldo Forment |
| 264 | 4 |
_aMadrid, España: _bGredos, _c©2012 |
|
| 300 | _a795 p. | ||
| 336 |
_2rdacontent _atexto _btxt |
||
| 337 |
_2rdamedia _asin mediación _bn |
||
| 338 |
_2rdacarrier _avolumen _bnc |
||
| 501 | _arústico | ||
| 505 | 0 | 0 | _aSanto Tomás de Aquino, filósofo del ser -- El ser y la escencia -- Cuestiones disputadas sobre la verdad -- Suma contra los gentiles -- Suma de teología -- La monarquía. al rey de chipre -- cuestiones disputadas sobre el alma -- Cuestión sobre las virtudes en general -- Compendio de teología -- Tratado de los ángeles o sustancias espirituales -- Lista de abreviaturas |
| 942 | _cBK | ||